Land vs. Land #81 - Statistiken

Allgemein
  • Dieses Quiz wurde 15 mal gespielt
  • Das Durchschnittsergebnis liegt bei 13 aus 14
Antwortstatistiken
Frage Antwort % Korrekt
...Einwohner? Tschechien🇨🇿
100%
...Bruttoinlandsprodukt? Tschechien🇨🇿
100%
...Tourismus? Tschechien🇨🇿
100%
...Frieden? Tschechien🇨🇿
100%
...Exportmengen? Tschechien🇨🇿
100%
...Gewinner? Tschechien🇨🇿
100%
...Fläche? Tschechien🇨🇿
93%
...Militär? Tschechien🇨🇿
93%
...HDI (Human Development Index)? Tschechien🇨🇿
93%
...Gesundheitswesen? Tschechien🇨🇿
93%
...Lebenserwartung? Tschechien🇨🇿
93%
...durchschnittlicher IQ? Tschechien🇨🇿
93%
...Bruttoinlandsprodukt pro Kopf? Tschechien🇨🇿
86%
...Happy Planet Index? Moldau🇲🇩
21%
Keine übereinstimmenden Quizze gefunden
Verteilung der Resultate
Anzahl Personen mit jedem Resultat
Perzentil nach korrekt beantworteten Fragen
Ihre Resultats-Entwicklung
Sie haben dieses Quiz noch nicht gespielt